| 000 | 00608nam a22001577a 4500 | ||
|---|---|---|---|
| 003 | OSt | ||
| 005 | 20190717131907.0 | ||
| 008 | 190717b xxu||||| |||| 00| 0 eng d | ||
| 040 | _cRUA | ||
| 082 | _aAGR PHO 2017 B636 Or.1 | ||
| 100 |
_913661 _aPHORN RA ភាន់រ៉ា |
||
| 245 | _aeffect of water hyacinth rates in straw on growth of straw mushroom ឥទ្ធពលនៃកអត្រាកំប្លោកក្នុងចំបើងលើការលូតលាស់ផ្សិតចំបើង | ||
| 260 |
_aRUA _bPhnom penh _c2017 |
||
| 300 |
_aix;42p _bill; _c29cm |
||
| 942 |
_2ddc _cAGR |
||
| 999 |
_c17995 _d17995 |
||